Metamorphoses /

Bibliographic Details
Main Author: Ovid, 43 B.C.-17 A.D. or 18 A.D
Other Authors: Humphries, Rolfe (Translator)
Format: Book
Language:English
Published: Bloomington : Indiana University Press, [1955]

MARC

Tag First Indicator Second Indicator Subfields
LEADER 00000cam a22000001 4500
001 in00000009847
005 20151007051554.0
008 721213s1955 inu 00110 eng
010 |a  55006269  
035 |a (OCoLC)00799067 
035 |9 AAA3676AM 
040 |a DLC  |c DLC  |d m.c.  |d TXA  |d UtOrBLW 
041 1 |a eng  |h und 
049 |a TXAM  |c [A12638604] 
050 0 0 |a PA6522.M2  |b H8 
082 0 |a 871.2 
100 0 |a Ovid,  |d 43 B.C.-17 A.D. or 18 A.D. 
240 1 0 |a Metamorphoses.  |l English 
245 1 0 |a Metamorphoses /  |c Ovid ; Translated by Rolfe Humphries. 
264 1 |a Bloomington :  |b Indiana University Press,  |c [1955] 
264 4 |c ©1955 
300 |a xiv, 401 pages ;  |c 21 cm. 
336 |a text  |b txt  |2 rdacontent 
337 |a unmediated  |b n  |2 rdamedia 
338 |a volume  |b nc  |2 rdacarrier 
541 0 |a Donated by Stanley Archer ; October, 1997. 
700 1 |a Humphries, Rolfe,  |e translator. 
999 |a MARS 
999 f f |s 32afe935-4aff-3e0d-929d-c9aa0507ae26  |i 11bf71b6-bf2d-3a43-8eed-67ade264c0aa  |t 0 
952 f f |p normal  |a Texas A&M University  |b Galveston Campus  |c Jack K. Williams Library  |s galv stk  |d Galveston Stacks  |t 0  |e PA6522.M2 H8 1955  |h Library of Congress classification  |i unmediated -- volume  |m 33620000999066 
952 f f |p ric  |a Texas A&M University  |b Rellis Campus  |c Joint Library Facility  |s JLF  |d Remote Storage  |t 0  |e PA6522.M2 .H8  |h Library of Congress classification  |i unmediated -- volume  |m A14812638604 
998 f f |a PA6522.M2 .H8  |t 0  |l Remote Storage 
998 f f |a PA6522.M2 H8 1955  |t 0  |l Galveston Stacks